| 000 | 00562nam a2200169 4500 | ||
|---|---|---|---|
| 008 | 010815s1992 us 0 engYA | ||
| 020 | _a0385193513 | ||
| 090 |
_aBS440 _bAn2 |
||
| 100 | 1 | _aFreedman, David Noel | |
| 245 | 1 | 0 |
_aThe Anchor Bible dictionary / _cDavid Noel Freedman; editor-in-chief. |
| 260 |
_aNew York : _bDoubleday, _cc1992. |
||
| 300 |
_alxxviii, 1232 p. : _bill., map |
||
| 504 | _aIncludes bibliographical references. | ||
| 505 | 0 | _avol. I:A-C. | |
| 650 | 4 |
_aBible _xDictionaries. |
|
| 951 |
_p16634 _oBS440/An2-I _j070613110944703 _d2000-12-21 _cREF |
||
| 999 |
_c2851 _d2851 |
||